Search for vector-like T and B quark pairs in final states with leptons at s√=13s=13 TeV; Journal of High Energy Physics; Vol. 2018, iss. 8

Bibliografiske detaljer
Parent link:Journal of High Energy Physics
Vol. 2018, iss. 8.— 2018.— [177, 51 p.]
Institution som forfatter: Национальный исследовательский Томский политехнический университет Исследовательская школа физики высокоэнергетических процессов
Andre forfattere: Sirunyan A. M., Tumasyan A. R., Adam W. Wolfgang, Ambrogi F. Federico, Asilar E. Ece, Bergauer T. Thomas, Babaev A. A. Anton Anatoljevich
Summary:Title screen
A search is presented for pair production of heavy vector-like T and B quarks in proton-proton collisions at s√=13s=13 TeV. The data sample corresponds to an integrated luminosity of 35.9 fb−1, collected with the CMS detector at the CERN LHC in 2016. Pair production of T quarks would result in a wide range of final states, since vector-like T quarks of charge 2e/3 are predicted to decay to bW, tZ, and tH. Likewise, vector-like B quarks are predicted to decay to tW, bZ, and bH. Three channels are considered, corresponding to final states with a single lepton, two leptons with the same sign of the electric charge, or at least three leptons. The results exclude T quarks with masses below 1140-1300 GeV and B quarks with masses below 910-1240 GeV for various branching fraction combinations, extending the reach of previous CMS searches by 200-600 GeV.
Режим доступа: по договору с организацией-держателем ресурса
Sprog:engelsk
Udgivet: 2018
Fag:
Online adgang:https://doi.org/10.1007/JHEP08(2018)177
Format: Electronisk Book Chapter
KOHA link:https://koha.lib.tpu.ru/cgi-bin/koha/opac-detail.pl?biblionumber=661143

MARC

LEADER 00000naa0a2200000 4500
001 661143
005 20250523093734.0
035 |a (RuTPU)RU\TPU\network\31390 
090 |a 661143 
100 |a 20191121d2018 k||y0rusy50 ba 
101 0 |a eng 
135 |a drcn ---uucaa 
181 0 |a i  
182 0 |a b 
200 1 |a Search for vector-like T and B quark pairs in final states with leptons at s√=13s=13 TeV  |f A. M. Sirunyan [et al.] 
203 |a Text  |c electronic 
300 |a Title screen 
320 |a [References: 81 tit.] 
330 |a A search is presented for pair production of heavy vector-like T and B quarks in proton-proton collisions at s√=13s=13 TeV. The data sample corresponds to an integrated luminosity of 35.9 fb−1, collected with the CMS detector at the CERN LHC in 2016. Pair production of T quarks would result in a wide range of final states, since vector-like T quarks of charge 2e/3 are predicted to decay to bW, tZ, and tH. Likewise, vector-like B quarks are predicted to decay to tW, bZ, and bH. Three channels are considered, corresponding to final states with a single lepton, two leptons with the same sign of the electric charge, or at least three leptons. The results exclude T quarks with masses below 1140-1300 GeV and B quarks with masses below 910-1240 GeV for various branching fraction combinations, extending the reach of previous CMS searches by 200-600 GeV. 
333 |a Режим доступа: по договору с организацией-держателем ресурса 
461 |t Journal of High Energy Physics 
463 |t Vol. 2018, iss. 8  |v [177, 51 p.]  |d 2018 
610 1 |a электронный ресурс 
610 1 |a труды учёных ТПУ 
610 1 |a hadron-hadron scattering (experiments) 
610 1 |a vector-like quarks 
610 1 |a адрон-адронные столкновения 
701 1 |a Sirunyan  |b A. M. 
701 1 |a Tumasyan  |b A. R. 
701 1 |a Adam  |b W.  |g Wolfgang 
701 1 |a Ambrogi  |b F.  |g Federico 
701 1 |a Asilar  |b E.  |g Ece 
701 1 |a Bergauer  |b T.  |g Thomas 
701 1 |a Babaev  |b A. A.  |c physicist  |c engineer-issledovatelskogo Polytechnic University, candidate of physical and mathematical Sciences  |f 1981-  |g Anton Anatoljevich  |3 (RuTPU)RU\TPU\pers\35154  |9 18420 
712 0 2 |a Национальный исследовательский Томский политехнический университет  |b Исследовательская школа физики высокоэнергетических процессов  |c (2017- )  |3 (RuTPU)RU\TPU\col\23551 
801 2 |a RU  |b 63413507  |c 20191121  |g RCR 
850 |a 63413507 
856 4 |u https://doi.org/10.1007/JHEP08(2018)177 
942 |c CF